<?xml version="1.0" encoding="UTF-8"?>
<collection xmlns="http://www.loc.gov/MARC21/slim">
 <record>
  <leader>03143nam a2200349 a 4500</leader>
  <controlfield tag="001">1/45403</controlfield>
  <controlfield tag="008">140827s2000    us            001 0 eng  </controlfield>
  <datafield tag="020" ind1=" " ind2=" ">
   <subfield code="a">9780124406513</subfield>
  </datafield>
  <datafield tag="020" ind1=" " ind2=" ">
   <subfield code="a">0124406513</subfield>
  </datafield>
  <datafield tag="020" ind1=" " ind2=" ">
   <subfield code="a">9780080520506 (electronic bk.)</subfield>
  </datafield>
  <datafield tag="020" ind1=" " ind2=" ">
   <subfield code="a">0080520502 (electronic bk.)</subfield>
  </datafield>
  <datafield tag="020" ind1=" " ind2=" ">
   <subfield code="a">1281046701</subfield>
  </datafield>
  <datafield tag="020" ind1=" " ind2=" ">
   <subfield code="a">9781281046703</subfield>
  </datafield>
  <datafield tag="035" ind1=" " ind2=" ">
   <subfield code="l">48363</subfield>
  </datafield>
  <datafield tag="040" ind1=" " ind2=" ">
   <subfield code="a">OPELS</subfield>
   <subfield code="b">eng</subfield>
   <subfield code="c">OPELS</subfield>
   <subfield code="d">OCLCQ</subfield>
   <subfield code="d">N$T</subfield>
   <subfield code="d">YDXCP</subfield>
   <subfield code="d">BTCTA</subfield>
   <subfield code="d">IDEBK</subfield>
   <subfield code="d">E7B</subfield>
   <subfield code="d">MERUC</subfield>
   <subfield code="d">OCLCF</subfield>
   <subfield code="d">GR-PeUP</subfield>
  </datafield>
  <datafield tag="100" ind1="1" ind2=" ">
   <subfield code="a">Lee, Weng Fook.</subfield>
  </datafield>
  <datafield tag="245" ind1="1" ind2="0">
   <subfield code="a">VHDL</subfield>
   <subfield code="h">[electronic resource] :</subfield>
   <subfield code="b">coding and logic synthesis with Synopsys /</subfield>
   <subfield code="c">Weng Fook Lee.</subfield>
  </datafield>
  <datafield tag="260" ind1=" " ind2=" ">
   <subfield code="a">San Diego :</subfield>
   <subfield code="b">Academic Press,</subfield>
   <subfield code="c">c2000.</subfield>
  </datafield>
  <datafield tag="300" ind1=" " ind2=" ">
   <subfield code="a">1 online resource (xxiv, 392 p.)</subfield>
  </datafield>
  <datafield tag="520" ind1=" " ind2=" ">
   <subfield code="a">This book provides the most up-to-date coverage using the Synopsys program in the design of integrated circuits. The incorporation of &quot;synthesis tools&quot; is the most popular new method of designing integrated circuits for higher speeds covering smaller surface areas. Synopsys is the dominant computer-aided circuit design program in the world. All of the major circuit manufacturers and ASIC design firms use Synopsys. In addition, Synopsys is used in teaching and laboratories at over 600 universities. * First practical guide to using synthesis with Synopsys * Synopsys is the #1 design program for IC design.</subfield>
  </datafield>
  <datafield tag="505" ind1="0" ind2=" ">
   <subfield code="a">List of Figures. -- List of Tables. -- List of Examples. -- Preface. -- Acknowledgement. -- Trademarks. -- I. VHDL CODING -- 1. Introduction. -- 2. VHDL Simulation and Synthesis Flow. -- 3. Synthesizable Code for Basic Logic Components. -- 4. Signal Versus Variable. -- 5. Examples of Complex Synthesizable Code. -- 6. Pipeline Microcontroller Synthesizable Design. -- II. LOGIC SYNTHESIS WITH SYNOPSYS. -- 7. Timing Considerations in Design. -- 8. VHDL Synthesis with Timing Constraints. -- 9. GTECH Instantiation. -- 10. DesignWare Library. -- 11. Testability Issues in Synthesis. -- 12. FPGA Synthesis. -- 13. Synthesis Links to Layout. -- 14. Design Guideline to Follow for Efficient Synthesis. -- 15. Appendix A (STD_LOGIC_1164 Library). -- 16. Appendix B (Shifter Synthesis Results). -- 17. Appendix C (Counter Synthesis Results). -- 18. Appendix D (Pipeline Microcontroller Synthesis Results--Top-Down Compilation). -- 19. Appendix E (EDIF File of Synthesized Microcontroller Example from Chapter 6). -- 20. Appendix F (SDF File from Synthesized Microcontroller Example of Chapter 6). -- Glossary. -- Bibliography. -- Index.</subfield>
  </datafield>
  <datafield tag="504" ind1=" " ind2=" ">
   <subfield code="a">Includes bibliographical references and index.</subfield>
  </datafield>
  <datafield tag="650" ind1=" " ind2="4">
   <subfield code="a">VHDL (Computer hardware description language).</subfield>
  </datafield>
  <datafield tag="655" ind1=" " ind2="4">
   <subfield code="a">Electronic books.</subfield>
  </datafield>
  <datafield tag="852" ind1=" " ind2=" ">
   <subfield code="a">INST</subfield>
   <subfield code="b">UNIPILB</subfield>
   <subfield code="c">EBOOKS</subfield>
   <subfield code="e">20140827</subfield>
   <subfield code="p">00b48363</subfield>
   <subfield code="q">00b48363</subfield>
   <subfield code="t">ONLINE</subfield>
   <subfield code="y">0</subfield>
  </datafield>
  <datafield tag="856" ind1="4" ind2="0">
   <subfield code="3">ScienceDirect</subfield>
   <subfield code="u">http://www.sciencedirect.com/science/book/9780124406513</subfield>
  </datafield>
  <datafield tag="856" ind1="4" ind2=" ">
   <subfield code="d">/webopac/covers/03/48363_9780124406513.jpg</subfield>
  </datafield>
  <datafield tag="856" ind1="4" ind2=" ">
   <subfield code="d">/webopac/covers/03/48363_0124406513.jpg</subfield>
  </datafield>
  <datafield tag="856" ind1="4" ind2=" ">
   <subfield code="d">/webopac/covers/03/48363_9780080520506.jpg</subfield>
   <subfield code="z">(electronic bk.)</subfield>
  </datafield>
  <datafield tag="856" ind1="4" ind2=" ">
   <subfield code="d">/webopac/covers/03/48363_0080520502.jpg</subfield>
   <subfield code="z">(electronic bk.)</subfield>
  </datafield>
  <datafield tag="856" ind1="4" ind2=" ">
   <subfield code="d">/webopac/covers/03/48363_1281046701.jpg</subfield>
  </datafield>
  <datafield tag="856" ind1="4" ind2=" ">
   <subfield code="d">/webopac/covers/03/48363_9781281046703.jpg</subfield>
  </datafield>
 </record>
</collection>
